00321pab a2200121 454500008004000000100002700040245005100067260000900118300001100127362001100138650001800149773003200167180718b1983 xxu||||| |||| 00| 0 eng d aNagla, Bhupendra Kumar aYouth unrest in contemporary Indian university c1983 a289-98 aSpring aYouth - India aJournal of Higher Education